5HLuxD.jpg

KING HENRY VIII SENIOR AND PRIMARY SCHOOL LIBRARY OPAC

The twits / (Record no. 3086)

000 -LEADER
fixed length control field 00809cam a2200265Mi 4500
001 - CONTROL NUMBER
control field .b17689326
003 - CONTROL NUMBER IDENTIFIER
control field OCoLC
005 - DATE AND TIME OF LATEST TRANSACTION
control field 20231004092655.0
008 - FIXED-LENGTH DATA ELEMENTS--GENERAL INFORMATION
fixed length control field 100415s2008 enka c 000 j eng d
020 ## - INTERNATIONAL STANDARD BOOK NUMBER
International Standard Book Number 9780141349916
035 ## - SYSTEM CONTROL NUMBER
System control number (OCoLC)781385769
040 ## - CATALOGING SOURCE
Original cataloging agency SIKCE
Description conventions ppiak
Language of cataloging slv
Transcribing agency SILIS
Modifying agency NKFUST
-- KH8
042 ## - AUTHENTICATION CODE
Authentication code nbic
044 ## - COUNTRY OF PUBLISHING/PRODUCING ENTITY CODE
MARC country code xxk
ISO country code gbr
082 0# - DEWEY DECIMAL CLASSIFICATION NUMBER
Classification number 821.111 DAH
100 1# - MAIN ENTRY--PERSONAL NAME
Personal name Dahl, Roald.
Relationship aut.
245 04 - TITLE STATEMENT
Title The twits /
Statement of responsibility, etc. Roald Dahl ; illustrated by Quentin Blake.
260 ## - PUBLICATION, DISTRIBUTION, ETC.
Place of publication, distribution, etc. London :
Name of publisher, distributor, etc. Puffin Books,
Date of publication, distribution, etc. 2008.
300 ## - PHYSICAL DESCRIPTION
Extent 86 p. :
Other physical details ilustr. ;
Dimensions 20 cm.
490 0# - SERIES STATEMENT
Series statement Phizz-whizzing collection.
500 ## - GENERAL NOTE
General note Del kompleta s petnajstimi deli Roalda Dahla v škatli 20 x 21 x 14 cm.
500 ## - GENERAL NOTE
General note O avtorju in delu: str. [88]-[103]
700 1# - ADDED ENTRY--PERSONAL NAME
Personal name Blake, Quentin.
Relationship ill.
942 ## - ADDED ENTRY ELEMENTS (KOHA)
Source of classification or shelving scheme
Koha item type Books - Fiction
Holdings
Withdrawn status Lost status Source of classification or shelving scheme Damaged status Not for loan Collection code Permanent Location Current Location Shelving location Date acquired Total Checkouts Full call number Barcode Date last seen Date last checked out Price effective from Koha item type
          Fiction KH8 Primary School Library KH8 Primary School Library Non Fiction 2023-10-04 9 821.111 DAH KHPL000004295 2026-02-05 2026-01-29 2023-10-04 Books - Fiction

Powered By KH8 IT Dept